MARC details
| 000 -LEADER |
| fixed length control field |
02855cam a2200769 i 4500 |
| 001 - CONTROL NUMBER |
| control field |
5578 |
| 003 - CONTROL NUMBER IDENTIFIER |
| control field |
FISKH |
| 005 - DATE AND TIME OF LATEST TRANSACTION |
| control field |
20241218145458.0 |
| 006 - FIXED-LENGTH DATA ELEMENTS--ADDITIONAL MATERIAL CHARACTERISTICS |
| fixed length control field |
m |o d | |
| 007 - PHYSICAL DESCRIPTION FIXED FIELD--GENERAL INFORMATION |
| fixed length control field |
cr ||||||||||| |
| 008 - FIXED-LENGTH DATA ELEMENTS--GENERAL INFORMATION |
| fixed length control field |
171117t20192014nyua jo 000 1 eng |
| 010 ## - LIBRARY OF CONGRESS CONTROL NUMBER |
| LC control number |
2023700336 |
| 020 ## - INTERNATIONAL STANDARD BOOK NUMBER |
| International Standard Book Number |
9781532141973 |
| Qualifying information |
ebook |
| 020 ## - INTERNATIONAL STANDARD BOOK NUMBER |
| International Standard Book Number |
9781423183457 |
| 020 ## - INTERNATIONAL STANDARD BOOK NUMBER |
| Canceled/invalid ISBN |
9781532141973 |
| Qualifying information |
(hbk.) |
| 020 ## - INTERNATIONAL STANDARD BOOK NUMBER |
| Canceled/invalid ISBN |
1532141971 |
| Qualifying information |
(hbk.) |
| 040 ## - CATALOGING SOURCE |
| Original cataloging agency |
DLC |
| Language of cataloging |
eng |
| Description conventions |
rda |
| -- |
pn |
| Transcribing agency |
DLC |
| 050 ## - LIBRARY OF CONGRESS CALL NUMBER |
| Classification number |
PZ7 |
| 082 ## - DEWEY DECIMAL CLASSIFICATION NUMBER |
| Classification number |
156 |
| 100 1# - MAIN ENTRY--PERSONAL NAME |
| Personal name |
Marsoli, Lisa Ann, |
| Dates associated with a name |
1958- |
| Relator term |
author. |
| 245 10 - TITLE STATEMENT |
| Title |
Sofia takes the lead / |
| Statement of responsibility, etc. |
adapted by Lisa Ann Marsoli ; illustrated by Character Building Studio and the Disney Storybook Art Team. |
| 250 ## - EDITION STATEMENT |
| Edition statement |
Reinforced library bound edition. |
| 260 ## - PUBLICATION, DISTRIBUTION, ETC. |
| Place of publication, distribution, etc. |
New York : |
| Name of publisher, distributor, etc. |
Disney Enterprise, |
| Date of publication, distribution, etc. |
2014. |
| 300 ## - PHYSICAL DESCRIPTION |
| Extent |
32 pages : |
| Other physical details |
color illustrations ; |
| Dimensions |
23 cm |
| 336 ## - CONTENT TYPE |
| Content type term |
text |
| Content type code |
txt |
| Source |
rdacontent |
| 337 ## - MEDIA TYPE |
| Media type term |
computer |
| Media type code |
c |
| Source |
rdamedia |
| 338 ## - CARRIER TYPE |
| Carrier type term |
online resource |
| Carrier type code |
cr |
| Source |
rdacarrier |
| 490 ## - SERIES STATEMENT |
| Materials specified |
Wolf of reading |
| Volume/sequential designation |
Level 1 |
| 505 ## - FORMATTED CONTENTS NOTE |
| Formatted contents note |
H<br/> |
| 520 ## - SUMMARY, ETC. |
| Summary, etc. |
When Baileywick joins Sofia's Buttercup troop to protect her, Sofia proves she can take care of herself and Baileywick, too! |
| 521 8# - TARGET AUDIENCE NOTE |
| Target audience note |
470<br/> |
| Source |
Lexile<br/> |
| 521 8# - TARGET AUDIENCE NOTE |
| Target audience note |
H<br/> |
| Source |
Raz-Plus<br/> |
| 650 #0 - SUBJECT ADDED ENTRY--TOPICAL TERM |
| Topical term or geographic name entry element |
Princesses |
| Form subdivision |
Juvenile fiction. |
| 650 #0 - SUBJECT ADDED ENTRY--TOPICAL TERM |
| Topical term or geographic name entry element |
Self-reliance |
| Form subdivision |
Juvenile fiction. |
| 650 #0 - SUBJECT ADDED ENTRY--TOPICAL TERM |
| Topical term or geographic name entry element |
Hiking |
| Form subdivision |
Juvenile fiction. |
| 650 #0 - SUBJECT ADDED ENTRY--TOPICAL TERM |
| Topical term or geographic name entry element |
Scouts (Youth organization members) |
| Form subdivision |
Juvenile fiction. |
| 650 #1 - SUBJECT ADDED ENTRY--TOPICAL TERM |
| Topical term or geographic name entry element |
Princesses |
| Form subdivision |
Fiction. |
| 650 #1 - SUBJECT ADDED ENTRY--TOPICAL TERM |
| Topical term or geographic name entry element |
Self-reliance |
| Form subdivision |
Fiction. |
| 650 #1 - SUBJECT ADDED ENTRY--TOPICAL TERM |
| Topical term or geographic name entry element |
Hiking |
| Form subdivision |
Fiction. |
| 650 #1 - SUBJECT ADDED ENTRY--TOPICAL TERM |
| Topical term or geographic name entry element |
Scouts (Youth organization members) |
| Form subdivision |
Fiction. |
| 650 #7 - SUBJECT ADDED ENTRY--TOPICAL TERM |
| Topical term or geographic name entry element |
JUVENILE FICTION |
| General subdivision |
Humorous Stories. |
| Source of heading or term |
bisacsh |
| 650 #7 - SUBJECT ADDED ENTRY--TOPICAL TERM |
| Topical term or geographic name entry element |
JUVENILE FICTION |
| General subdivision |
Media Tie-In. |
| Source of heading or term |
bisacsh |
| 650 #7 - SUBJECT ADDED ENTRY--TOPICAL TERM |
| Topical term or geographic name entry element |
JUVENILE FICTION |
| General subdivision |
Royalty. |
| Source of heading or term |
bisacsh |
| 650 #7 - SUBJECT ADDED ENTRY--TOPICAL TERM |
| Topical term or geographic name entry element |
Princesses. |
| Source of heading or term |
fast |
| Authority record control number or standard number |
(OCoLC)fst01076505 |
| 650 #7 - SUBJECT ADDED ENTRY--TOPICAL TERM |
| Topical term or geographic name entry element |
Clubs |
| Form subdivision |
Fiction. |
| Source of heading or term |
sears |
| 650 #7 - SUBJECT ADDED ENTRY--TOPICAL TERM |
| Topical term or geographic name entry element |
Leadership |
| Form subdivision |
Fiction. |
| Source of heading or term |
sears |
| 650 #7 - SUBJECT ADDED ENTRY--TOPICAL TERM |
| Topical term or geographic name entry element |
Radio and television novels. |
| Source of heading or term |
sears |
| 650 #7 - SUBJECT ADDED ENTRY--TOPICAL TERM |
| Topical term or geographic name entry element |
Adventure fiction. |
| Source of heading or term |
sears |
| 650 #7 - SUBJECT ADDED ENTRY--TOPICAL TERM |
| Topical term or geographic name entry element |
Princesses |
| Form subdivision |
Fiction. |
| Source of heading or term |
sears |
| 655 #4 - INDEX TERM--GENRE/FORM |
| Genre/form data or focus term |
Children.s readers. |
| Institution to which field applies |
NZ-WeK |
| 655 #7 - INDEX TERM--GENRE/FORM |
| Genre/form data or focus term |
Readers (Primary) |
| Source of term |
fast |
| Authority record control number or standard number |
(OCoLC)fst01726484 |
| 655 #7 - INDEX TERM--GENRE/FORM |
| Genre/form data or focus term |
Fiction. |
| Source of term |
fast |
| Authority record control number or standard number |
(OCoLC)fst01423787 |
| 655 #7 - INDEX TERM--GENRE/FORM |
| Genre/form data or focus term |
Juvenile works. |
| Source of term |
fast |
| Authority record control number or standard number |
(OCoLC)fst01411637 |
| 655 #7 - INDEX TERM--GENRE/FORM |
| Genre/form data or focus term |
Adventure fiction. |
| Source of term |
gsafd |
| 655 #7 - INDEX TERM--GENRE/FORM |
| Genre/form data or focus term |
Radio and television novels. |
| Source of term |
gsafd |
| 655 #7 - INDEX TERM--GENRE/FORM |
| Genre/form data or focus term |
Readers (Elementary) |
| Source of term |
lcgft |
| 655 #7 - INDEX TERM--GENRE/FORM |
| Genre/form data or focus term |
Readers (Elementary) |
| Source of term |
sears |
| 655 #7 - INDEX TERM--GENRE/FORM |
| Genre/form data or focus term |
Adventure fiction. |
| Source of term |
sears |
| 655 #7 - INDEX TERM--GENRE/FORM |
| Genre/form data or focus term |
Radio and television novels. |
| Source of term |
sears |
| 710 2# - ADDED ENTRY--CORPORATE NAME |
| Corporate name or jurisdiction name as entry element |
Disney Storybook Artists, |
| Relator term |
illustrator. |
| 710 2# - ADDED ENTRY--CORPORATE NAME |
| Corporate name or jurisdiction name as entry element |
Character Building Studio (Firm), |
| Relator term |
illustrator. |
| 710 2# - ADDED ENTRY--CORPORATE NAME |
| Corporate name or jurisdiction name as entry element |
ABDO Publishing Company. |
| 710 2# - ADDED ENTRY--CORPORATE NAME |
| Corporate name or jurisdiction name as entry element |
Disney Enterprises (1996-) |
| 906 ## - LOCAL DATA ELEMENT F, LDF (RLIN) |
| a |
7 |
| b |
cbc |
| c |
origcop |
| d |
1 |
| e |
ecip |
| f |
20 |
| g |
y-gencatlg |
| 942 ## - ADDED ENTRY ELEMENTS (KOHA) |
| Source of classification or shelving scheme |
Dewey Decimal Classification |
| Koha item type |
Books |
| Suppress in OPAC |
No |